Podnikateľská činnosť a hodnotenie jej výsledkov vo vybranom podniku v Slovenskej republike diplomová práca

Salvato in:
Dettagli Bibliografici
Autore principale: Nagyová, Judita
Ente Autore: Fakulta podnikového manažmentu EU. Katedra podnikovohospodárska
Altri autori: Šúbertová, Elena
Natura: Libro
Lingua:slovacco
Pubblicazione: Bratislava 2015
Tags: Aggiungi Tag
Nessun Tag, puoi essere il primo ad aggiungerne!!

MARC

LEADER 00000nbm a2200000 4500
001 0202900
005 20161212102001.5
041 0 |a slo 
044 |a SK 
245 1 0 |a Podnikateľská činnosť a hodnotenie jej výsledkov vo vybranom podniku v Slovenskej republike  |b diplomová práca  |c Judita Nagyová ; školiteľ: Elena Šúbertová 
264 1 |a Bratislava  |c 2015 
300 |a 85 s. 
100 1 |a Nagyová, Judita 
700 1 |a Šúbertová, Elena 
710 2 |a Fakulta podnikového manažmentu EU. Katedra podnikovohospodárska